000 00615nam a2200217Ia 4500
005 20250508162434.0
008 008 250505s9999 xx 000 0 eng d
020 _a0-435-80321-2
037 _aTextual
040 _aFEDL
_beng
_cFEDL
041 _aeng
_2eng
084 _a373.236, GAN
_qFEDL
100 _aGannon Tom
_9773155
245 0 _aMiddle schools
260 _aLondon, UK
_bHeinemann Educational Books
_c1975
300 _a164p
490 _aHeinemann organization in schools series
700 _a Whalley Alan
_9773156
942 _cTEXL
_h373.236, GAN
999 _c1376543
_d1376543